Kiếm tiền cùng Chatgpt : Vào nghề chatgpt chỉ trong 5 giờ học

Sách cung cấp 50 video hướng dẫn và 130 lệnh mẫu, giúp người đọc làm chủ ChatGPT trong lĩnh vực truyền thông, IT, tài chính. Với phương pháp học nhanh trong 5 giờ, các chiến lược minh họa thực tế kèm theo video hỗ trợ trong sách đáp ứng nhu câ...

Disgrifiad llawn

Wedi'i Gadw mewn:
Manylion Llyfryddiaeth
Awdur Corfforaethol: Học viện văn hoạ AIGC
Awduron Eraill: Lê Tiến Thành (Dịch), Nguyễn, George (Hiệu đính)
Fformat: Llyfr
Iaith:Vietnamese
Cyhoeddwyd: H. Hồng Đức 2024
Pynciau:
Tagiau: Ychwanegu Tag
Dim Tagiau, Byddwch y cyntaf i dagio'r cofnod hwn!
Thư viện lưu trữ: Thư viện Trường Đại học Nam Cần Thơ
LEADER 02921nam a22003257a 4500
001 NCT_4_017420
008 250310b xxu||||| |||| 00| 0 vie d
999 |c 8835  |d 8835 
020 |a 9786043213126  |c 199000 
082 0 4 |2 23rd ed.  |a 006.35  |b K304T 
110 2 |a Học viện văn hoạ AIGC 
245 1 0 |a Kiếm tiền cùng Chatgpt :  |b Vào nghề chatgpt chỉ trong 5 giờ học  |c Học viện văn hoạ AIGC (Biên soạn) ; Lê Tiến Thành (Dịch) ; George Nguyễn (Hiệu đính) 
260 |a H.  |b Hồng Đức  |c 2024 
300 |a 272 tr.  |b Minh hoạ  |c 27 cm 
520 3 |a Sách cung cấp 50 video hướng dẫn và 130 lệnh mẫu, giúp người đọc làm chủ ChatGPT trong lĩnh vực truyền thông, IT, tài chính. Với phương pháp học nhanh trong 5 giờ, các chiến lược minh họa thực tế kèm theo video hỗ trợ trong sách đáp ứng nhu cầu của mọi người từ mới bắt đầu cho đến chuyên gia. 
653 |a Truyền thông đa phương tiện 
700 1 |a Lê Tiến Thành  |e Dịch 
700 1 |a Nguyễn, George   |e Hiệu đính 
942 |2 ddc  |c BK 
952 |0 0  |1 0  |2 ddc  |4 0  |6 006_350000000000000_K304T  |7 0  |9 30397  |a 000001  |b 000001  |d 2025-03-10  |o 006.35 K304T  |p MD.23550  |r 2025-03-10  |v 199000.00  |w 2025-03-10  |y BK 
952 |0 0  |1 0  |2 ddc  |4 0  |6 006_350000000000000_K304T  |7 0  |9 30398  |a 000001  |b 000001  |d 2025-03-10  |o 006.35 K304T  |p MD.23551  |r 2025-03-10  |v 199000.00  |w 2025-03-10  |y BK 
952 |0 0  |1 0  |2 ddc  |4 0  |6 006_350000000000000_K304T  |7 0  |9 30399  |a 000001  |b 000001  |d 2025-03-10  |o 006.35 K304T  |p MD.23552  |r 2025-03-10  |v 199000.00  |w 2025-03-10  |y BK 
952 |0 0  |1 0  |2 ddc  |4 0  |6 006_350000000000000_K304T  |7 0  |9 30400  |a 000001  |b 000001  |d 2025-03-10  |o 006.35 K304T  |p MD.23553  |r 2025-03-10  |v 199000.00  |w 2025-03-10  |y BK 
952 |0 0  |1 0  |2 ddc  |4 0  |6 006_350000000000000_K304T  |7 0  |9 30401  |a 000001  |b 000001  |d 2025-03-10  |o 006.35 K304T  |p MD.23554  |r 2025-03-10  |v 199000.00  |w 2025-03-10  |y BK 
952 |0 0  |1 0  |2 ddc  |4 0  |6 006_350000000000000_K304T  |7 0  |9 30402  |a 000001  |b 000001  |d 2025-03-10  |l 1  |m 1  |o 006.35 K304T  |p MD.23555  |r 2025-04-24  |s 2025-04-04  |v 199000.00  |w 2025-03-10  |y BK 
952 |0 0  |1 0  |2 ddc  |4 0  |6 006_350000000000000_K304T  |7 0  |9 30403  |a 000001  |b 000001  |d 2025-03-10  |l 1  |m 1  |o 006.35 K304T  |p MD.23556  |r 2025-05-26  |s 2025-05-08  |v 199000.00  |w 2025-03-10  |y BK 
952 |0 0  |1 0  |2 ddc  |4 0  |6 006_350000000000000_K304T  |7 0  |9 30404  |a 000001  |b 000001  |d 2025-03-10  |o 006.35 K304T  |p MD.23557  |r 2025-03-10  |v 199000.00  |w 2025-03-10  |y BK 
952 |0 0  |1 0  |2 ddc  |4 0  |6 006_350000000000000_K304T  |7 0  |9 30405  |a 000001  |b 000001  |d 2025-03-10  |l 1  |o 006.35 K304T  |p MD.23558  |q 2025-12-15  |r 2025-12-01  |s 2025-12-01  |v 199000.00  |w 2025-03-10  |y BK 
952 |0 0  |1 0  |2 ddc  |4 0  |6 006_350000000000000_K304T  |7 0  |9 30406  |a 000001  |b 000001  |d 2025-03-10  |o 006.35 K304T  |p MD.23559  |r 2025-03-10  |v 199000.00  |w 2025-03-10  |y BK 
980 |a Thư viện Trường Đại học Nam Cần Thơ